Dusk Over the Mustard Fields/ (Record no. 186798)

MARC details
000 -LEADER
fixed length control field 00502nam a22001817a 4500
005 - DATE AND TIME OF LATEST TRANSACTION
control field 20220316153941.0
010 ## - LCCN (DPL NO)
LC control number ENG-132004
020 ## - INTERNATIONAL STANDARD BOOK NUMBER
International Standard Book Number 9789388150101
Terms of availability 349.00
035 ## - SYSTEM CONTROL NUMBER
System control number EN-115536
037 ## - SOURCE OF ACQUISITION
Source of stock number/acquisition DBAD
082 ## - DEWEY DECIMAL CLASSIFICATION NUMBER
Classification number S
100 ## - MAIN ENTRY--PERSONAL NAME
Personal name Powar, Ranjit
245 ## - TITLE STATEMENT
Title Dusk Over the Mustard Fields/
Statement of responsibility, etc Ranjit Powar
260 ## - PUBLICATION, DISTRIBUTION, ETC. (IMPRINT)
Place of publication, distribution, etc Chandigarh
Name of publisher, distributor, etc The Browser
Date of publication, distribution, etc 2020
270 ## - ADDRESS
City Chandigarh
Address SCO 14-15, Sector 8-C
Postal code 160009
Electronic mail address service@thebrowser.org
300 ## - PHYSICAL DESCRIPTION
Extent 205p.
Dimensions 20cm(pbk)
942 ## - ADDED ENTRY ELEMENTS (KOHA)
Source of classification or shelving scheme Dewey Decimal Classification
Item type English Books
Classification part S
Call number suffix POW
Holdings
Withdrawn status Lost status Not for loan Collection code Home library Current library Date acquired Source of acquisition Cost, normal purchase price Full call number Barcode Copy number Cost, replacement price Koha item type
      Non-fiction Central Library Central Library 16/03/2022 DBAD/PUB 349.00 S POW EN-115536 1 349.00 English Books

© Delhi Public Library
Hit Counter
free hit counter